| 000 | 00821cam a22001935a 4500 | ||
|---|---|---|---|
| 001 | L149670 | ||
| 008 | 100407e20100326xxk 000 0 eng d | ||
| 035 | _a(Sirsi) u149670 | ||
| 041 | 0 | _aeng | |
| 100 | 1 | _aHarris, David | |
| 245 | 0 | 0 | _aEG rating |
| 260 | _c2010 | ||
| 490 |
_aEstates Gazette _v(1012) 27 March 2010, 67-77(10) |
||
| 520 | _aNon-domestic rating revaluation in April 2010 resulting in increases in business rates. Worked examples comparing 2005 rateable values with 2010 rateable values. Landlords are seeking temporary occupier to avoid liability for empty business rates. Concludes with a review of business rates in Scotland with worked examples. | ||
| 590 | _aKA | ||
| 651 | 4 |
_aUnited Kingdom _y |
|
| 690 | _aPROPERTY-COMMERCIAL PROPERTY-COMMERCIAL PROPERTY TAXATION-BUSINESS RATES | ||
| 942 | _n0 | ||
| 999 |
_c82244 _d82244 |
||